000 01161nam a2200277Ia 4500
003 OSt
005 20221005110507.0
006 a|||||r|||| 00| 0
007 ta
008 221004b |||||||| |||| 00| 0 hin d
020 _a8121401852 (hbk)
_cINR 320.00
024 _a42000
037 _b302, 25/02/2019, Eastern Book Linkers
_cTextual
040 _aCRL
_cCRL
_bhin
041 _2hin
_ahin
082 _aO111,1M88x, 152P6
100 _aचन्द्रा, शरद, संपा.
245 0 _aवह मैं नहीं हूॅं
_b फरनान्दो पैसोआ की कविताएॅं
246 _aVah maian nahīan hūॅan: faranāndo paisoā kī kavitāeॅan
260 _aनई दिल्ली
_bनेशनल पब्लिशिंग हाउस भारत
_c2006
300 _a130पृ0
_ccm.
650 _a अंग्रेजी साहित्य
650 _aअंग्रेजी कविता
942 _hO111,1M88x, 152P6
_cTEXL
_2cc
999 _c1019000
_d1019000